000
00234nam a2200085Ia 4500
008
180219s9999 xx 000 0 und d
100
_a
Bala Nidhi Kiran Lata
245
0
_a
Techer Education A Quality Concern
260
_a
Vinay Rakheja R. Lall Meerut
260
_c
2014
999
_c
42224
_d
42224